Usos ideológicos de la migración
Gespeichert in:
| Format: | Text |
|---|---|
| Schlagworte: | |
| Tags: |
Tag hinzufügen
Keine Tags, Fügen Sie den ersten Tag hinzu!
|
MARC
| LEADER | 00000 a a2200000 04500 | ||
|---|---|---|---|
| 001 | 6908 | ||
| 003 | |||
| 040 | |||
| 245 | |a Usos ideológicos de la migración | ||
| 650 | |a ASPECTOS SOCIALES | ||
| 650 | |a MIGRACION | ||
| 650 | |a ELECCIONES | ||
| 650 | |a ASPECTOS ECONOMICOS | ||
| 650 | |a ASPECTOS POLITICOS | ||
| 650 | |a EL SALVADOR | ||
| 773 | |g volumen 28, número 1276; páginas 2-3 | ||
| 999 | |c 37611 |d 37611 | ||
